Management information systems: (Record no. 61957)

MARC details
000 -LEADER
fixed length control field 00857nam a22002177a 4500
005 - DATE AND TIME OF LATEST TRANSACTION
control field 2012020408318.0
008 - FIXED-LENGTH DATA ELEMENTS--GENERAL INFORMATION
fixed length control field 120204t xxu||||| |||| 00| 0 eng d
020 ## - INTERNATIONAL STANDARD BOOK NUMBER
International Standard Book Number 8129702037
Terms of availability 00.00
035 ## - SYSTEM CONTROL NUMBER
System control number B-307229
040 ## - CATALOGING SOURCE
Original cataloging agency DPL
Language of cataloging ENG
100 ## - MAIN ENTRY--PERSONAL NAME
Personal name Laudon, Kenneth C.
9 (RLIN) 40791
245 ## - TITLE STATEMENT
Title Management information systems:
Statement of responsibility, etc by Kenneth C. Laudon [and] Jane P. Laudon
Remainder of title managing the digital firm /
250 ## - EDITION STATEMENT
Edition statement 4th rpr.
260 ## - PUBLICATION, DISTRIBUTION, ETC. (IMPRINT)
Place of publication, distribution, etc New Delhi
Name of publisher, distributor, etc Prentice Hall of India
Date of publication, distribution, etc 2005
300 ## - PHYSICAL DESCRIPTION
Extent Various pagings
Other physical details ill. ;
Dimensions 28 cm. (pbk)
500 ## - GENERAL NOTE
General note Includes references, glossary and index
650 ## - SUBJECT ADDED ENTRY--TOPICAL TERM
Topical term or geographic name as entry element Management information systems
9 (RLIN) 40792
700 ## - ADDED ENTRY--PERSONAL NAME
Personal name Laudon, Jane p.
9 (RLIN) 40793
942 ## - ADDED ENTRY ELEMENTS (KOHA)
Source of classification or shelving scheme Dewey Decimal Classification
Item type English Books
Call number suffix LAU
Classification part 658.4038011
Holdings
Withdrawn status Lost status Source of classification or shelving scheme Damaged status Not for loan Collection code Home library Current library Shelving location Date acquired Cost, normal purchase price Total Checkouts Full call number Barcode Date last seen Cost, replacement price Koha item type
    Dewey Decimal Classification     Non-fiction Sarojini Nagar Sarojini Nagar General Stacks 04/02/2012 250.00   004 LAU B-307229 04/02/2012 250.00 English Books

© Delhi Public Library
Hit Counter
free hit counter